|
|
|
|
| LEADER |
00866pam a22002538a 4500 |
| 001 |
00023857 |
| 005 |
20171026081022.0 |
| 008 |
110630s2004 ||||||engsd |
| 020 |
# |
# |
|a 0538727403
|
| 041 |
0 |
# |
|a eng
|
| 082 |
1 |
4 |
|a 651
|b PR400C
|
| 100 |
1 |
# |
|a Fulton-Calkins, Patsy
|
| 245 |
1 |
0 |
|a Procedures & theory for administrative professionals
|c Pasty Fulton-Calkins, Karin M. Stulz
|
| 246 |
3 |
0 |
|a Procedures and theory for administrative professionals
|
| 250 |
# |
# |
|a 5th ed
|
| 260 |
# |
# |
|a Mason, OH
|b Thomson South-Western
|c 2004
|
| 300 |
# |
# |
|a xi,556 p.
|b ill.
|c 24 cm.
|e 1 CD-ROM (4 3/4 in.)
|
| 650 |
# |
4 |
|a Dịch vụ văn phòng
|
| 650 |
# |
4 |
|a Thư ký
|
| 700 |
1 |
# |
|a Stulz, Karin M.
|
| 852 |
# |
# |
|b Kho đọc
|j KD.0008061
|
| 852 |
# |
# |
|j KD.0008061
|
| 910 |
0 |
# |
|a Ntuyet
|d 30/06/2011
|
| 980 |
# |
# |
|a Trung tâm Học liệu Lê Vũ Hùng, Trường Đại học Đồng Tháp
|